00351pam a2200133a 44500008004100000020001800041082001700059100001900076245005100095250001200146260003900158300001100197502000900208230405s2022 xxu||||| |||| 00| 0 eng d a9789386896483 a612.015bKAU aKaur, Gurpreet aAppled Biochemistry for B.Sc. Nursing Students a3rd Ed. aHyderabadbLotus Publicationc2022 a376 p. atext